Statistics for Football League Two Managers (2015/16)

Click here to take the quiz!

General Stats

  • This quiz has been taken 5 times
    (3 since last reset)
  • The average score is 21 of 39

Answer Stats

ClubCountryManager% Correct
Plymouth ArgyleScotlandDerek Adams
100%
Cambridge UnitedEnglandShaun Derry
100%
Mutual consent [Pre-season] (Plymouth Argyle) | Signed by Oldham Athletic (Newport County)IrelandJohn Sheridan
100%
Yeovil TownEnglandDarren Way
100%
Dagenham & Redbridge | Sacked (Luton Town)EnglandJohn Still
100%
Luton TownWalesNathan Jones
100%
AFC WimbledonEnglandNeal Ardley
67%
Sacked (Hartlepool United)EnglandRonnie Moore
67%
End of contract [Pre-season] (Stevenage)EnglandGraham Westley
67%
Wycombe WanderersEnglandGareth Ainsworth
67%
StevenageEnglandDarren Sarll
67%
PortsmouthEnglandPaul Cook
67%
Accrington StanleyEnglandJohn Coleman
67%
MorecambeEnglandJim Bentley
67%
Carlisle UnitedEnglandKeith Curle
67%
BarnetEnglandMartin Allen
67%
Exeter CityMaltaPaul Tisdale
67%
Sacked (Yeovil Town)ScotlandPaul Sturrock
33%
Sacked (Stevenage)EnglandTeddy Sheringham
33%
Sacked (Notts County)NetherlandsRicardo Moniz
33%
Sacked (Newport County)EnglandTerry Butcher
33%
Sacked (Leyton Orient)EnglandIan Hendon
33%
Sacked (Dagenham & Redbridge)EnglandWayne Burnett
33%
Sacked (Cambridge United)EnglandRichard Money
33%
Bristol RoversEnglandDarrell Clarke
33%
Mutual consent [Pre-season] (Leyton Orient)ItalyFabio Liverani
33%
Newport CountyNorthern IrelandWarren Feeney
33%
Mutual consent [Pre-season] (Crawley Town)EnglandJohn Gregory
33%
York CityScotlandJackie McNamara
33%
Crawley TownEnglandMark Yates
33%
Hartlepool UnitedEnglandCraig Hignett
33%
Leyton Orient (Player-manager)EnglandAndy Hessenthaler
33%
Notts CountyScotlandJamie Fullarton
33%
Sacked (York City)EnglandRuss Wilcox
33%
Mansfield TownEnglandAdam Murray
0%
Oxford UnitedEnglandMichael Appleton
0%
Northampton TownEnglandChris Wilder
0%

Score Distribution

Percentile by Number Answered

Percent of People with Each Score

Your Score History

You have not taken this quiz since the last reset